kku e-library facility

Schaum's Outline of Theory and Problems of Genetic (Record no. 173)

MARC details
000 -LEADER
fixed length control field 00426nam a2200133 4500
005 - DATE AND TIME OF LATEST TRANSACTION
control field 20260226103323.0
008 - FIXED-LENGTH DATA ELEMENTS--GENERAL INFORMATION
fixed length control field 260226b |||||||| |||| 00| 0 eng d
020 ## - INTERNATIONAL STANDARD BOOK NUMBER
International Standard Book Number 070608423
100 ## - MAIN ENTRY--PERSONAL NAME
Personal name Stansfield D. William.
245 ## - TITLE STATEMENT
Title Schaum's Outline of Theory and Problems of Genetic
Statement of responsibility, etc. /William D. Stansfield
260 ## - PUBLICATION, DISTRIBUTION, ETC.
Place of publication, distribution, etc. United States of America;
Name of publisher, distributor, etc. McGraw-Hill Book Company;
Date of publication, distribution, etc. 1969
300 ## - PHYSICAL DESCRIPTION
Extent 281p.ill;
Dimensions 27.5cm
942 ## - ADDED ENTRY ELEMENTS (KOHA)
Source of classification or shelving scheme Library of Congress Classification
Suppress in OPAC No
Koha item type Books

No items available.

©2025 All rights reserved. KKU